000 01192nam a2200265 i 4500
001 163491
003 ES-MaACL
005 20260130141737.0
008 010220s1883 fr a |||| | fre d
040 _aCAM
_bspa
_cCAM
100 1 _aRich, Anthony.
_9131792
245 1 0 _aDictionnaire des antiquités romaines et grecques
_b: accompagné de 2.000 gravures d'après l'antique représentant tous les objets de divers usages d'art et d'industrie des Grecs et des Romains /
_cpar Anthony Rich ; traduit de l'anglais sous la direction de Chéruel.
250 _a3éme éd. rev., corr. et augm.
260 _aParis :
_bLibrairie de Firmin-Didot et Cie,
_c1883.
300 _aXII, 740 p. :
_bil. ;
_c20 cm.
504 _aÍndice.
505 8 _aIncluye un vocabulario griego-latín: p. 717-730
597 _aTexto a dos columnas.
650 4 _aCivilización clásica-
_vDiccionarios.
_9159368
650 4 _aRestos arqueológicos griegos-
_vDiccionarios.
_9159369
650 4 _aRestos arqueológicos romanos-
_vDiccionarios.
_9159370
700 1 _aCheruel, Adolphe,
_d1809-1891
_9159360
852 _aES-MaACL
_jC-1040
_z-- Enc. hol.
_z-- Legado M. de la Fuente
999 _c163491
_d163491